000 01514cam a22004694i 4500
003 PE-LiUPU
005 20250731173019.0
008 150623s r 000 0 d
020 _a0830815325
035 _a(Sirsi) i9780830815326
040 _aPE-LiUPU
_bspa
_cPE-LiUPU
_erda
049 _aPRUA
082 0 4 _a232.8
_bL52
_221
100 1 _aLetham, Robert,
_eautor.
245 1 4 _aThe work of Christ /
_c[por] I. Howard Marshall.
264 1 _aDowners Grove, Illinois :
_bInterVarsity Press,
_c1993.
300 _a284 páginas ;
_c23 centímetros
336 _atext
_2rdacontent
337 _aunmediated
_2rdamedia
338 _avolume
_2rdacarrier
490 0 _aContours of Christian Theology
504 _aIncluye bibliografía.
505 0 _aFoundations. -Christ as prophet. -Christ as priest. -Christ as king.
526 _aSEG42
526 _aSEG41
526 _aSEG40
526 _aSEG39
526 _aP94
526 _aP87
526 _aP86
526 _aP85
526 _aP77
526 _aP76
526 _aP35
600 1 _aJesucristo
_xPersona y oficio
942 _2ddc
_cBOOK
949 _a232.8 L52
_wDEWEY
_c1
_i47394
_lCCODEBUL1
_mBUL
_r0
_sY
_tBOOK
_u2015-6-24
_xTEOLOGIA
_PP35
_0COMPRA
_o.STAFF. Colección General
994 _aC0
_bPEPRU
596 _a1
999 _a232.8 L52
_wDEWEY
_c23949
_i47394
_f2021-11-10
_g5
_lCCODEBUL1
_mBUL
_r0
_sY
_tBOOK
_u2015-6-24
_xTEOLOGIA
_PP35
_0COMPRA
_o.STAFF. Colección General
_d23949
980 _81
_gALBERTO SANCHEZ Responsable de Automatización